[Event "Xtracon Chess Open 2017"]
[Site "Helsingor DEN"]
[Date "2017.07.22"]
[Round "1.103"]
[White "Gutierrez Bolado, Juan Antonio"]
[Black "Hartung-Nielsen, Jens"]
[Result "0-1"]
[WhiteElo "1696"]
[BlackElo "2175"]
[WhiteFideId "2298708"]
[BlackFideId "1400690"]
[EventDate "2017.07.22"]

1. e4 c5 2. Qh5 e6 3. Nf3 Nf6 4. Qh4 Be7 5. e5 Nd5 6. Qg3 O-O 7. d4 f6 8. dxc5
Nc6 9. b3 Nxe5 10. Bb2 Nxf3+ 11. gxf3 Bxc5 12. Bd3 Nb4 13. Be4 d5 14. Rg1 Rf7
15. Bd3 Nxd3+ 16. cxd3 e5 17. h4 Bf5 18. Ke2 Qd7 19. Nc3 Bd4 20. Rac1 Re8 21.
Kd2 e4 22. Rge1 Be5 23. Qg2 Bf4+ 0-1

[Event "Xtracon Chess Open 2017"]
[Site "Helsingor DEN"]
[Date "2017.07.22"]
[Round "1.104"]
[White "Vestby-Ellingsen, Mads"]
[Black "Nielsen, Peter"]
[Result "1-0"]
[WhiteElo "2175"]
[BlackElo "1694"]
[WhiteFideId "1520857"]
[BlackFideId "1707485"]
[EventDate "2017.07.22"]

1. d4 f5 2. Nc3 Nf6 3. Bg5 h6 4. Bxf6 exf6 5. e4 h5 6. Be2 Qe7 7. Nh3 g5 8. exf5
c6 9. O-O d5 10. Re1 Kd8 11. Bxh5 Qg7 12. Bg6 Bd6 13. a3 b5 14. Qf3 Bd7 15. Qe2
a5 16. f3 Na6 17. a4 b4 18. Nd1 Nc7 19. Ne3 c5 20. dxc5 Bxc5 21. Kh1 Qe7 22. Qd3
Qd6 23. b3 Qc6 24. Rad1 d4 25. Ng4 Nd5 26. Bf7 Nc3 27. Rd2 Kc7 28. Be6 Raf8 29.
Bxd7 Qxd7 30. Re6 Nd5 31. Qc4 1-0

[Event "Xtracon Chess Open 2017"]
[Site "Helsingor DEN"]
[Date "2017.07.22"]
[Round "1.105"]
[White "Werner, Jakob"]
[Black "Thuesen, Mogens"]
[Result "0-1"]
[WhiteElo "1690"]
[BlackElo "2170"]
[WhiteFideId "1426850"]
[BlackFideId "1400878"]
[EventDate "2017.07.22"]

1. d4 Nf6 2. c4 g6 3. Nc3 Bg7 4. e4 d6 5. f3 O-O 6. Be3 Nc6 7. Qd2 a6 8. Nge2
Bd7 9. g4 Na5 10. Ng3 b5 11. h4 c5 12. Nd5 Nxc4 13. Bxc4 bxc4 14. h5 Nxd5 15.
exd5 Qb6 16. dxc5 dxc5 17. O-O Qxb2 18. Rab1 Qxd2 19. Bxd2 c3 20. Bf4 Bb5 21.
Rfe1 Rfd8 22. h6 Bd4+ 23. Kg2 Kf8 24. a4 c2 25. Rb3 c4 26. Ra3 Be8 27. Bg5 Rxd5
28. Bxe7+ Kg8 29. Ne4 f5 30. Nf6+ Bxf6 31. Bxf6 Rd1 32. Re7 Bf7 0-1

[Event "Xtracon Chess Open 2017"]
[Site "Helsingor DEN"]
[Date "2017.07.22"]
[Round "1.106"]
[White "Issakainen, Ari"]
[Black "Nielsen, Leo Kresten Roland"]
[Result "1-0"]
[WhiteElo "2168"]
[BlackElo "1688"]
[WhiteFideId "500330"]
[BlackFideId "1426095"]
[EventDate "2017.07.22"]

1. Nf3 c5 2. c4 Nc6 3. g3 g6 4. Bg2 Bg7 5. O-O Nf6 6. d4 cxd4 7. Nxd4 Qb6 8. Nc2
Ng4 9. h3 Bxb2 10. Bxb2 Qxb2 11. hxg4 d6 12. e3 Ne5 13. Nba3 Bxg4 14. Qd4 Qxd4
15. Nxd4 Rb8 16. Rab1 h5 17. Bxb7 h4 18. f4 Nd7 19. Nc6 Rxb7 20. Rxb7 hxg3 21.
Rxa7 O-O 22. Nxe7+ Kg7 23. Nb5 Kf6 24. Nd5+ Kg7 25. Nxd6 Rh8 26. Nxf7 Kxf7 27.
f5 Rd8 28. e4 gxf5 29. exf5 Kf8 30. Nf4 Ke7 31. c5 Rc8 32. Re1+ Kf6 33. Rxd7
Rxc5 34. Re6+ Kxf5 35. Rf7+ Kg5 36. Rg6+ Kh4 37. Rh7+ Bh5 38. Rxh5+ 1-0

[Event "Xtracon Chess Open 2017"]
[Site "Helsingor DEN"]
[Date "2017.07.22"]
[Round "1.107"]
[White "van den Brink, Nienke"]
[Black "Kardoeus, David"]
[Result "0-1"]
[WhiteElo "1686"]
[BlackElo "2165"]
[WhiteFideId "1452568"]
[BlackFideId "12912050"]
[EventDate "2017.07.22"]

1. c4 Nf6 2. Nc3 g6 3. Nf3 Bg7 4. g3 O-O 5. Bg2 d6 6. O-O Nc6 7. d3 e5 8. a3 a6
9. e3 Re8 10. Qc2 h6 11. Rd1 Be6 12. Ne2 Qd7 13. b4 e4 14. Nfd4 Nxd4 15. Nxd4
Bg4 16. Rd2 c5 17. bxc5 dxc5 18. Nb3 exd3 19. Rxd3 Qa4 20. Nd4 Qxc2 21. Nxc2 Bf5
22. Rd2 Ne4 23. Bxe4 Bxe4 24. Ra2 Bc3 25. Rd1 Bf3 26. Bd2 Bxd1 27. Bxc3 b5 28.
cxb5 axb5 29. Rb2 Bxc2 30. Rxc2 Rxa3 0-1

[Event "Xtracon Chess Open 2017"]
[Site "Helsingor DEN"]
[Date "2017.07.22"]
[Round "1.108"]
[White "Ezra, Paul Chambers"]
[Black "Sondergaard, Lars"]
[Result "1-0"]
[WhiteTitle "FM"]
[WhiteElo "2162"]
[BlackElo "1686"]
[WhiteFideId "20300204"]
[BlackFideId "1406973"]
[EventDate "2017.07.22"]

1. e4 e5 2. Nf3 d6 3. d4 exd4 4. Nxd4 Be7 5. Nc3 Nf6 6. Bc4 Nc6 7. O-O Nxd4 8.
Qxd4 O-O 9. Bf4 Nh5 10. Be3 Bf6 11. Qd3 Bxc3 12. Qxc3 Be6 13. Bxe6 fxe6 14. Qb3
Qc8 15. f4 Kh8 16. e5 g6 17. Rad1 d5 18. c4 c6 19. cxd5 exd5 20. a4 Ng7 21. Qc3
a6 22. b4 Qe6 23. Qb3 Rac8 24. b5 axb5 25. Bc5 Rf7 26. axb5 h5 27. Ra1 Nf5 28.
Ra3 b6 29. Bxb6 c5 30. Ba7 Nd4 31. Qb2 Qg4 32. e6 Rxf4 33. Rxf4 Qxf4 34. h3 Kh7
35. b6 Ne2+ 36. Qxe2 Qc1+ 37. Qf1 Qxa3 38. b7 Qe3+ 39. Kh1 Qxe6 40. bxc8=Q Qxc8
41. Qf7+ Kh6 42. Qxd5 c4 43. Qf7 Qc6 44. Be3+ g5 45. h4 Qxg2+ 46. Kxg2 c3 47.
hxg5# 1-0

[Event "Xtracon Chess Open 2017"]
[Site "Helsingor DEN"]
[Date "2017.07.22"]
[Round "1.109"]
[White "Eriksson, Christian Altenburg"]
[Black "Sorensen, Viggo"]
[Result "1/2-1/2"]
[WhiteElo "2156"]
[BlackElo "1680"]
[WhiteFideId "1412159"]
[BlackFideId "1437410"]
[EventDate "2017.07.22"]

1. e4 c5 2. c3 d5 3. exd5 Qxd5 4. d4 Nf6 5. Nf3 Bg4 6. Be2 e6 7. h3 Bh5 8. c4
Qd6 9. Nc3 a6 10. d5 exd5 11. cxd5 Be7 12. Qa4+ Nbd7 13. Bf4 Qb6 14. Qc2 O-O 15.
O-O Bd6 16. Be3 Rac8 17. Rfe1 Bg6 18. Qc1 Qc7 19. a4 Nb6 20. Qd1 Rcd8 21. Bg5
Be7 22. a5 Nbxd5 23. Qb3 Nxc3 24. bxc3 Ne4 25. Be3 Bf6 26. Rec1 Rfe8 27. Qc4 Nd6 1/2-1/2

[Event "Xtracon Chess Open 2017"]
[Site "Helsingor DEN"]
[Date "2017.07.22"]
[Round "1.110"]
[White "Larsen, Mette Dalsgaard"]
[Black "Sorensen, Torben Kyhl"]
[Result "0-1"]
[WhiteElo "1679"]
[BlackElo "2155"]
[WhiteFideId "1430718"]
[BlackFideId "1412248"]
[EventDate "2017.07.22"]

1. d4 Nf6 2. c4 g6 3. Nf3 Bg7 4. e3 O-O 5. Nc3 d6 6. Be2 Nbd7 7. O-O c6 8. Qc2
e5 9. d5 Qc7 10. Rd1 a5 11. e4 Nc5 12. Be3 Ne8 13. Na4 Nxa4 14. Qxa4 f5 15. c5
cxd5 16. cxd6 Nxd6 17. Rxd5 Nxe4 18. Rc1 Qe7 19. Bc5 Nxc5 20. Rdxc5 e4 21. Rc7
Qf6 22. Qc4+ Be6 23. Rxg7+ Kxg7 24. Qb5 exf3 25. Bxf3 Rac8 26. Re1 Qd4 27. h3
Bf7 28. Rd1 Qf4 29. Qxb7 Rc1 0-1

[Event "Xtracon Chess Open 2017"]
[Site "Helsingor DEN"]
[Date "2017.07.22"]
[Round "1.111"]
[White "Brorsen, Jacob Abildlund"]
[Black "Shehzad, Shazil"]
[Result "1-0"]
[WhiteElo "2153"]
[BlackElo "1678"]
[WhiteFideId "1411233"]
[BlackFideId "1521942"]
[EventDate "2017.07.22"]

1. d4 Nf6 2. c4 c5 3. d5 b5 4. cxb5 a6 5. bxa6 g6 6. Nc3 Bg7 7. e4 O-O 8. Nf3
Qa5 9. Nd2 Bxa6 10. Be2 e6 11. O-O exd5 12. exd5 d6 13. Nc4 Bxc4 14. Bxc4 Nbd7
15. Bf4 Nb6 16. Be2 Rfd8 17. Qd2 Nfxd5 18. Nxd5 Qxd2 19. Bxd2 Nxd5 20. Bf3 Ra4
21. Bxd5 Rd4 22. Ba5 Rb8 23. Bf3 Rxb2 24. Bc3 Rc2 25. Bxd4 Bxd4 26. a4 c4 27. a5
c3 28. a6 Ba7 29. Ra3 d5 30. Bxd5 Rd2 31. Rxc3 Rxd5 32. Rc7 Bb6 33. Rb7 Bc5 34.
a7 Bxa7 35. Rxa7 1-0

[Event "Xtracon Chess Open 2017"]
[Site "Helsingor DEN"]
[Date "2017.07.22"]
[Round "1.112"]
[White "Madsen, Svend"]
[Black "Deur Saric, Zrinka"]
[Result "0-1"]
[BlackTitle "WFM"]
[WhiteElo "1673"]
[BlackElo "2152"]
[WhiteFideId "1419846"]
[BlackFideId "14512670"]
[EventDate "2017.07.22"]

1. b3 e5 2. Bb2 Nc6 3. e3 d5 4. Bb5 Bd6 5. f4 Qe7 6. Nf3 f6 7. fxe5 fxe5 8. O-O
Nf6 9. Nc3 O-O 10. Bxc6 bxc6 11. Ne2 c5 12. d3 Ng4 13. Nd2 Nxe3 14. Rxf8+ Qxf8
15. Qc1 Bg4 16. Ng3 Nd1 17. Ndf1 Qf2+ 18. Kh1 Nxb2 19. Qxb2 c4 20. Qc1 Bc5 0-1

[Event "Xtracon Chess Open 2017"]
[Site "Helsingor DEN"]
[Date "2017.07.22"]
[Round "1.113"]
[White "Nilsson, Patrik1"]
[Black "Sidali, Elias Hulleberg"]
[Result "1-0"]
[WhiteElo "2152"]
[BlackElo "1672"]
[WhiteFideId "1708171"]
[BlackFideId "1530518"]
[EventDate "2017.07.22"]

1. e4 c6 2. d4 d5 3. exd5 cxd5 4. c4 Nf6 5. Nc3 Nc6 6. Nf3 Bg4 7. cxd5 Nxd5 8.
Qb3 Bxf3 9. gxf3 e6 10. Qxb7 Nxd4 11. Bb5+ Nxb5 12. Qc6+ Ke7 13. Qxb5 Qd7 14.
Nxd5+ Qxd5 15. Qxd5 exd5 16. Be3 a5 17. O-O-O Kd6 18. Rd3 Rc8+ 19. Kb1 Rb8 20.
Bf4+ Kc5 1-0

[Event "Xtracon Chess Open 2017"]
[Site "Helsingor DEN"]
[Date "2017.07.22"]
[Round "1.114"]
[White "Madsen, Dennis"]
[Black "Kemarsky, Alexander"]
[Result "0-1"]
[WhiteElo "1671"]
[BlackElo "2150"]
[WhiteFideId "1425919"]
[BlackFideId "2814196"]
[EventDate "2017.07.22"]

1. d4 Nf6 2. Nc3 d5 3. f3 c5 4. e4 dxe4 5. Bb5+ Bd7 6. dxc5 e6 7. b4 a5 8. Ba3
axb4 9. Bxb4 Nd5 10. Bxd7+ Qxd7 11. Nxd5 Qxd5 12. Qxd5 exd5 13. fxe4 dxe4 14.
Ne2 Na6 15. c3 Bxc5 16. Bxc5 Nxc5 17. Nf4 O-O 18. Ke2 Ra3 19. Rhc1 Rfa8 20. Rc2
Nb3 21. Rb1 Rxa2 22. Kd1 Ra1 23. Rb2 Rxb1+ 24. Rxb1 Ra1 25. Rxa1 Nxa1 26. Ke2 f5
27. Ne6 Nb3 28. Ke3 g6 29. h3 b6 30. g4 Kf7 31. gxf5 gxf5 32. Nc7 Nc5 33. Kf4
Ne6+ 34. Nxe6 Kxe6 35. c4 Kf6 0-1

[Event "Xtracon Chess Open 2017"]
[Site "Helsingor DEN"]
[Date "2017.07.22"]
[Round "1.116"]
[White "Sather, Lars"]
[Black "Ivarsson, Torbjorn"]
[Result "0-1"]
[WhiteElo "1661"]
[BlackElo "2145"]
[WhiteFideId "1501712"]
[BlackFideId "1705865"]
[EventDate "2017.07.22"]

1. e4 e6 2. f4 d5 3. exd5 exd5 4. Nf3 Bd6 5. d4 Bf5 6. Bd3 Qe7+ 7. Kf2 Bxd3 8.
Qxd3 Nf6 9. Nc3 Ne4+ 10. Nxe4 dxe4 11. Qb5+ c6 12. Qb3 O-O 13. Re1 Kh8 14. c4 b6
15. Kg1 Nd7 16. Ne5 Bxe5 17. fxe5 f6 18. exf6 Nxf6 19. Bg5 Rae8 20. Re3 h6 21.
Bh4 Qd6 22. Bxf6 Qxf6 23. h3 Qxd4 24. Rd1 Qe5 25. Rde1 Rf4 26. Qc2 Qf5 27. Qe2
Re6 28. Rf1 Kh7 29. Rxf4 Qxf4 30. g3 Qe5 31. Kg2 Qd4 32. Rc3 e3 33. Qc2+ Kg8 34.
Qe2 h5 35. Kg1 h4 36. g4 Qf4 37. Qh2 Qxh2+ 38. Kxh2 e2 39. Rc1 e1=Q 0-1

[Event "Xtracon Chess Open 2017"]
[Site "Helsingor DEN"]
[Date "2017.07.22"]
[Round "1.117"]
[White "Nielsen, Thomas Bach2"]
[Black "Vestergaard, Jorn"]
[Result "1/2-1/2"]
[WhiteElo "2144"]
[BlackElo "1661"]
[WhiteFideId "1401785"]
[BlackFideId "1419480"]
[EventDate "2017.07.22"]

1. d4 d5 2. c4 e6 3. Nc3 Nf6 4. Bg5 c6 5. cxd5 exd5 6. e3 h6 7. Bh4 Bb4 8. Bd3
g5 9. Bg3 Qa5 10. Ne2 Ne4 11. Qc2 Nxg3 12. hxg3 Be6 13. Bf5 Bxf5 14. Qxf5 Nd7
15. f3 Qd8 16. Kf2 Qf6 17. Qxf6 Nxf6 18. g4 O-O-O 19. Ng3 Kd7 20. Rh3 Rh7 21.
Nce2 Re8 22. Rah1 Reh8 23. Nc1 Bd6 24. Nd3 Bxg3+ 25. Kxg3 h5 26. gxh5 Rxh5 27.
Rxh5 Nxh5+ 28. Kf2 Rh7 29. b4 Nf6 30. Rb1 a6 31. a4 g4 32. b5 axb5 33. axb5 gxf3
34. bxc6+ bxc6 35. gxf3 Rh2+ 36. Kg3 Re2 37. Nc5+ Kd6 38. Rb7 Rxe3 39. Rxf7 Ne4+
40. Nxe4+ dxe4 1/2-1/2

[Event "Xtracon Chess Open 2017"]
[Site "Helsingor DEN"]
[Date "2017.07.22"]
[Round "1.118"]
[White "Dahl, Max"]
[Black "Wahlund, Max"]
[Result "0-1"]
[WhiteElo "1660"]
[BlackElo "2142"]
[WhiteFideId "1526626"]
[BlackFideId "1741861"]
[EventDate "2017.07.22"]

1. e4 e5 2. Nf3 Nc6 3. Bb5 a6 4. Ba4 Nf6 5. d3 d6 6. h3 Bd7 7. c3 Ne7 8. Bc2 Ng6
9. Nbd2 d5 10. O-O Qc8 11. Kh2 Bd6 12. Re1 O-O 13. Nf1 c6 14. Ng3 h6 15. a4 Qc7
16. Kg1 Rfe8 17. Nh2 Qc8 18. Qe2 Nf4 19. Qf3 g6 20. Bxf4 exf4 21. Ne2 g5 22.
exd5 cxd5 23. Nd4 Be5 24. Ne2 Bf5 25. g3 Kh7 26. g4 Bg6 27. Qg2 d4 28. c4 Nd7
29. Nf3 Nc5 30. Rad1 Qd7 31. b3 a5 32. Nxe5 Rxe5 33. Nc1 Rae8 34. Rxe5 Rxe5 35.
h4 h5 36. Rf1 hxg4 37. hxg5 Qf5 38. Qh2+ Kg7 39. Kg2 Qxg5 40. Rh1 f3+ 41. Kg3
Re8 42. Qh4 Qxh4+ 43. Rxh4 Re1 44. Na2 Ra1 45. b4 Ne6 46. c5 Rxa2 47. Bb3 Rb2
48. Bxe6 fxe6 49. bxa5 Bf5 50. Rh1 Bxd3 51. Kxg4 Be2 52. c6 bxc6 53. a6 Bxa6 54.
Kxf3 c5 55. Rc1 Bb7+ 0-1

[Event "Xtracon Chess Open 2017"]
[Site "Helsingor DEN"]
[Date "2017.07.22"]
[Round "1.119"]
[White "Bogdanov, Dimitri"]
[Black "Ski, Alexander K."]
[Result "1-0"]
[WhiteElo "2139"]
[BlackElo "1658"]
[WhiteFideId "1405829"]
[BlackFideId "1521659"]
[EventDate "2017.07.22"]

1. e4 e5 2. Nf3 Nc6 3. Bb5 a6 4. Ba4 Nf6 5. O-O b5 6. Bb3 Nxe4 7. d4 d5 8. dxe5
Be6 9. c3 Be7 10. Be3 O-O 11. Nbd2 Bg4 12. Nxe4 dxe4 13. Qxd8 Raxd8 14. Nd2 Nxe5
15. Nxe4 Nd3 16. f3 Bf5 17. Ng3 Bg6 18. f4 Bh4 19. f5 Bxg3 20. fxg6 Be5 21.
gxf7+ Kh8 22. Bg5 Rd7 23. Be6 h6 24. Bxd7 hxg5 25. Rf3 Nf4 26. g3 Ng6 27. Re1
Bd6 28. Rf5 Ne7 29. Rxg5 g6 30. Be8 Kg7 31. Re6 Rh8 32. h4 Rh6 33. h5 Rxh5 34.
Rgxg6+ Nxg6 35. Rxg6+ Kh7 36. Rxd6 Kg7 37. Rg6+ 1-0

[Event "Xtracon Chess Open 2017"]
[Site "Helsingor DEN"]
[Date "2017.07.22"]
[Round "1.120"]
[White "Shehzad, Kasher"]
[Black "Chittka, Julius"]
[Result "0-1"]
[WhiteElo "1650"]
[BlackElo "2137"]
[WhiteFideId "1521934"]
[BlackFideId "12954772"]
[EventDate "2017.07.22"]

1. e4 c5 2. Nc3 Nc6 3. Bb5 g6 4. f4 Nd4 5. Bc4 Bg7 6. Nf3 d6 7. h3 e6 8. O-O Ne7
9. d3 O-O 10. Nxd4 cxd4 11. Nb1 d5 12. Bb3 dxe4 13. dxe4 Bd7 14. Nd2 Rc8 15. Qe1
Nc6 16. Nc4 Qe7 17. e5 Kh8 18. Nd6 Rb8 19. Bd2 f6 20. Qh4 fxe5 21. Qxe7 Nxe7 22.
fxe5 Nf5 23. Nxf5 Rxf5 24. Rxf5 gxf5 25. Re1 Rg8 26. Bb4 Bh6 27. Be7 Rg6 28. Bc5
Be3+ 29. Kh2 Bc6 30. g3 Bf2 31. Rg1 Bxg1+ 32. Kxg1 Rxg3+ 33. Kf2 Rg2+ 34. Ke1
Bd5 35. Bxd5 exd5 36. Bxd4 Kg8 37. Bxa7 Rxc2 38. Bd4 Kf7 39. h4 Ke6 40. Kf1 Rh2
41. Bf2 Rh3 42. Bd4 Rxh4 43. Bf2 Rg4 0-1

[Event "Xtracon Chess Open 2017"]
[Site "Helsingor DEN"]
[Date "2017.07.22"]
[Round "1.121"]
[White "Sorensen, Hampus"]
[Black "Skjolingstad, Sverre"]
[Result "1-0"]
[WhiteElo "2137"]
[BlackElo "1644"]
[WhiteFideId "8703884"]
[BlackFideId "1519913"]
[EventDate "2017.07.22"]

1. d4 Nf6 2. c4 c5 3. d5 b5 4. Qc2 bxc4 5. e4 d6 6. Bxc4 g6 7. h3 Bg7 8. Nf3 O-O
9. O-O Nbd7 10. Nc3 Rb8 11. Bf4 Nh5 12. Bh2 f5 13. exf5 Rxf5 14. Qe2 Ne5 15.
Nxe5 Bxe5 16. Bxe5 Rxe5 17. Qd2 Ng7 18. g4 g5 19. f4 gxf4 20. Qxf4 Qd7 21. Bd3
c4 22. Bc2 Nh5 23. Qf7+ 1-0

[Event "Xtracon Chess Open 2017"]
[Site "Helsingor DEN"]
[Date "2017.07.22"]
[Round "1.122"]
[White "Bremer, Erik"]
[Black "Karlsson, Ulf"]
[Result "0-1"]
[WhiteElo "1488"]
[BlackElo "2036"]
[WhiteFideId "1411578"]
[BlackFideId "1721674"]
[EventDate "2017.07.22"]

1. d4 d5 2. Nc3 Nf6 3. Bf4 c6 4. e3 Qa5 5. Bd3 Nbd7 6. Nf3 Ne4 7. Bxe4 dxe4 8.
Nd2 Nf6 9. O-O Bf5 10. Nb3 Qd8 11. Nc5 b6 12. Nb3 e6 13. h3 Nd5 14. Bh2 Nxc3 15.
bxc3 Be7 16. Qe2 O-O 17. Rfd1 Qc8 18. c4 Rd8 19. c3 Bg6 20. Rd2 Rd7 21. f3 Qa6
22. fxe4 Bxe4 23. Rf1 Qb7 24. c5 Rad8 25. Rfd1 h6 26. Bf4 Bg6 27. a4 bxc5 28.
Nxc5 Bxc5 29. dxc5 Rxd2 30. Rxd2 Qb1+ 31. Kh2 Rxd2 32. Qxd2 Qd3 33. Qxd3 Bxd3
34. a5 a6 35. Kg3 Be4 36. Kf2 f6 37. Bd6 Kf7 38. Kg3 e5 39. Kf2 g6 40. g3 Ke6
41. Ke1 Kd5 42. Kd2 Bg2 43. h4 Bf3 44. Be7 Ke6 45. Bd6 Kf5 46. Ke1 h5 47. Bb8 g5
48. hxg5 fxg5 49. Kf2 Bd5 50. Bc7 h4 51. gxh4 gxh4 52. Bd8 h3 53. Kg3 Bg2 54.
Bc7 Ke4 55. Bd6 Kd5 56. Kh2 e4 57. Kg3 Kc4 58. Be5 Kb5 59. Bc7 Kxc5 60. Bb6+ Kc4
61. Bd4 c5 62. Be5 Kd3 63. Kf2 Bf3 64. Bd6 Kxc3 0-1

[Event "Xtracon Chess Open 2017"]
[Site "Helsingor DEN"]
[Date "2017.07.22"]
[Round "1.123"]
[White "Langvik, Ulrikke"]
[Black "Laverton, Christian"]
[Result "0-1"]
[WhiteElo "1640"]
[BlackElo "2133"]
[WhiteFideId "1517910"]
[BlackFideId "1506846"]
[EventDate "2017.07.22"]

1. d4 f5 2. c4 Nf6 3. Nc3 e6 4. Nf3 Bb4 5. Bd2 O-O 6. Qc2 b6 7. e3 Bb7 8. Be2 d6
9. O-O Bxc3 10. Bxc3 Ne4 11. Rfd1 Nd7 12. Rac1 Ndf6 13. Nd2 Qe8 14. Nxe4 Bxe4
15. Bd3 Qg6 16. Bxe4 fxe4 17. h3 h5 18. f4 d5 19. Bb4 Rf7 20. c5 Kh7 21. cxb6
axb6 22. a3 Ng8 23. Qc6 Rd8 24. Be1 Nh6 25. Bh4 Rd6 26. Qc3 Nf5 27. Bg5 h4 28.
Rc2 Qh5 29. Rdc1 c5 30. dxc5 bxc5 31. Qxc5 d4 32. exd4 Rxd4 33. Re1 e3 34. Rce2
Rfd7 35. Qc2 Rd2 36. Rxd2 exd2 37. Rd1 Qe2 38. Bxh4 Rd3 39. Bf2 Nd6 40. Bc5 Ne4
41. Bb6 Rg3 42. Qxe4+ Qxe4 43. Rxd2 Qe1+ 44. Kh2 Rb3 0-1

[Event "Xtracon Chess Open 2017"]
[Site "Helsingor DEN"]
[Date "2017.07.22"]
[Round "1.124"]
[White "Christiansen, Jens Jorgen"]
[Black "Loveid, Erik"]
[Result "1/2-1/2"]
[WhiteElo "2131"]
[BlackElo "1640"]
[WhiteFideId "1401670"]
[BlackFideId "1520067"]
[EventDate "2017.07.22"]

1. d4 d6 2. Nf3 Bg4 3. Nbd2 Nf6 4. g3 Nbd7 5. Bg2 c6 6. c4 e5 7. O-O Be7 8. Qc2
Qc7 9. e3 O-O 10. b3 exd4 11. Nxd4 Rac8 12. Bb2 Nc5 13. b4 Ne6 14. h3 Nxd4 15.
Bxd4 Bh5 16. c5 Bg6 17. Qc3 d5 18. a4 Ne8 19. f4 f5 20. Nf3 Bf6 21. Ne5 Bxe5 22.
Bxe5 Qd7 23. Rad1 Nf6 24. Kh2 Qe6 25. b5 Rfe8 26. Rfe1 Qf7 27. Bxf6 Qxf6 28.
Qxf6 gxf6 29. Bf3 Re7 30. b6 a5 31. Kg2 Rce8 32. Kf2 Kg7 33. Rd4 Rh8 34. Bd1 Kf8
35. Bc2 Kg7 36. Kf3 h6 37. Rd2 Rhe8 38. Kf2 Rh8 39. Rd4 Rhe8 40. Kf3 Rh8 41. Bd3 1/2-1/2

[Event "Xtracon Chess Open 2017"]
[Site "Helsingor DEN"]
[Date "2017.07.22"]
[Round "1.125"]
[White "Bratteteig, Tore-Inge"]
[Black "Lahlum, Hans Olav"]
[Result "0-1"]
[WhiteElo "1637"]
[BlackElo "2131"]
[WhiteFideId "1510711"]
[BlackFideId "1501348"]
[EventDate "2017.07.22"]

1. d4 d5 2. c4 e6 3. Nf3 c6 4. e3 Nf6 5. Nc3 Nbd7 6. Bd3 dxc4 7. Bxc4 b5 8. Bd3
Bb7 9. O-O a6 10. e4 c5 11. Re1 Be7 12. Bf4 cxd4 13. Nb1 Nc5 14. e5 Nd5 15. Bg3
Nxd3 16. Qxd3 Nb4 17. Qd2 Bxf3 18. gxf3 Rc8 19. Na3 Qd5 20. Rac1 O-O 21. Rxc8
Rxc8 22. Re4 d3 23. Kg2 Nxa2 24. Rg4 0-1

[Event "Xtracon Chess Open 2017"]
[Site "Helsingor DEN"]
[Date "2017.07.22"]
[Round "1.126"]
[White "Storme, Isak"]
[Black "Rygg, Andreas Gangstad"]
[Result "1-0"]
[WhiteElo "2129"]
[BlackElo "1633"]
[WhiteFideId "1728113"]
[BlackFideId "1527754"]
[EventDate "2017.07.22"]

1. d4 Nf6 2. c4 e5 3. dxe5 Ng4 4. Bf4 Nc6 5. Nf3 Bb4+ 6. Nbd2 Qe7 7. a3 Ngxe5 8.
Nxe5 Nxe5 9. e3 Bd6 10. Ne4 Nxc4 11. Nxd6+ Nxd6 12. Rc1 Kd8 13. Be2 a5 14. O-O
b6 15. Bf3 Ra7 16. Qd4 Nf5 17. Qc3 Qc5 18. Qd3 Ba6 19. Qb1 Qb5 20. a4 Qd3 21.
Qa2 Nd6 22. Rfd1 Qg6 23. Bxd6 cxd6 24. Qb3 b5 25. axb5 Bb7 26. Bxb7 Rxb7 27. Qd5
Rb8 28. b6 Qe6 29. Qxa5 Ke7 30. Qb4 Rb7 31. Rc4 f5 32. Rcd4 Kf7 33. Rxd6 Qe4 34.
Rxd7+ Rxd7 35. Rxd7+ Kf6 36. Qd6+ Kg5 37. Rxg7+ Kh5 38. g4+ fxg4 39. Qc5+ Kh4
40. Qg5+ 1-0

[Event "Xtracon Chess Open 2017"]
[Site "Helsingor DEN"]
[Date "2017.07.22"]
[Round "1.127"]
[White "Vinter, Christoffer"]
[Black "Celander, Jesper"]
[Result "0-1"]
[WhiteElo "1633"]
[BlackElo "2127"]
[WhiteFideId "1449737"]
[BlackFideId "1705342"]
[EventDate "2017.07.22"]

1. e4 Nc6 2. d4 e5 3. Nf3 exd4 4. Nxd4 Qh4 5. Nc3 Bb4 6. Nxc6 Qxe4+ 7. Qe2 Qxe2+
8. Bxe2 bxc6 9. Bd2 d5 10. a3 Bd6 11. b4 Bf5 12. Kd1 Nf6 13. Bg5 Be5 14. Bxf6
Bxf6 15. Kd2 O-O 16. g4 Bg6 17. Rae1 a5 18. b5 cxb5 19. Bxb5 c6 20. Bd3 Bg5+ 21.
Kd1 Rab8 22. h4 Bf4 23. Ke2 Bd6 24. Nb1 h5 25. g5 Rb2 26. Rd1 Re8+ 27. Kd2 Bf4+
28. Kc3 Be5+ 29. Kd2 Bxd3 30. Kxd3 c5 31. Kd2 c4 32. Rhe1 d4 0-1

[Event "Xtracon Chess Open 2017"]
[Site "Helsingor DEN"]
[Date "2017.07.22"]
[Round "1.128"]
[White "Skjoldager, Per"]
[Black "Wallin, Kenneth"]
[Result "1-0"]
[WhiteElo "2126"]
[BlackElo "1633"]
[WhiteFideId "1408828"]
[BlackFideId "1712861"]
[EventDate "2017.07.22"]

1. e4 c5 2. c3 d5 3. exd5 Qxd5 4. d4 Nf6 5. Nf3 Bg4 6. Nbd2 cxd4 7. Bc4 Qd7 8.
Qb3 e6 9. Ne5 Qc7 10. Nxg4 Nxg4 11. cxd4 Nf6 12. Nf3 Nc6 13. Bd2 Bd6 14. O-O O-O
15. Rac1 Qe7 16. Rfe1 Nb4 17. Bxe6 fxe6 18. Rxe6 Qf7 19. Rxd6 Qxb3 20. axb3 Nd3
21. Rc2 Nxf2 22. Rxf6 Nh3+ 23. gxh3 Rxf6 24. Ne5 h6 25. Be3 Raf8 26. Kg2 Re8 27.
h4 Rb6 28. Rc3 a5 29. Kf3 Rf6+ 30. Ke4 Rg6 31. Kd3 Rd6 32. Nc4 Rde6 33. Bf4 Re2
34. Be5 Rf2 35. Ke3 Rxh2 36. Nd6 Re7 37. Nf5 Rh3+ 38. Ke4 Rxc3 39. Nxe7+ Kf7 40.
bxc3 Kxe7 41. Bxg7 b5 42. Bxh6 a4 43. bxa4 bxa4 44. Bc1 1-0

[Event "Xtracon Chess Open 2017"]
[Site "Helsingor DEN"]
[Date "2017.07.22"]
[Round "1.129"]
[White "Henriksen, Morgan"]
[Black "Nielsen, John Bauneborg"]
[Result "1-0"]
[WhiteElo "1632"]
[BlackElo "2125"]
[WhiteFideId "1510495"]
[BlackFideId "1402439"]
[EventDate "2017.07.22"]

1. d4 d5 2. c4 e6 3. Nc3 c6 4. Nf3 dxc4 5. a4 Bb4 6. Bd2 Nf6 7. e3 O-O 8. Bxc4
a5 9. O-O Na6 10. Qe2 Be7 11. Ne5 Nb4 12. Rfc1 Qd6 13. Na2 Ne4 14. Be1 Nd5 15.
f3 Nef6 16. Nc3 Nxc3 17. Rxc3 Nd5 18. Rb3 Qd8 19. Bd2 f6 20. Ng4 Bd6 21. g3 h5
22. Nf2 h4 23. f4 hxg3 24. hxg3 Be7 25. Kg2 g6 26. Rh1 Kg7 27. e4 Nb6 28. f5
exf5 29. Bh6+ 1-0